| 000 | 01235nam a22003495a 4500 | ||
|---|---|---|---|
| 001 | 016589213 | ||
| 003 | OSt | ||
| 005 | 20201128021106.0 | ||
| 008 | 131120t2014 xxka frd 001 0 eng d | ||
| 020 | _a9781408079812 (pbk.) | ||
| 040 |
_aStDuBDS _beng _cStDuBDS _dEG-ScBUE |
||
| 082 | 0 | 4 |
_a658.1599 _222 _bMAD |
| 100 | 1 |
_aMadura, Jeff. _933658 |
|
| 245 | 1 | 0 |
_aInternational financial management / _cJeff Madura and Roland Fox. |
| 250 | _a3rd ed. | ||
| 260 |
_aHampshire : _bCengage Learning, _cc.2014 _e([Beijing] : _fRR Donnelley) |
||
| 300 |
_axxiii, 671 p. : _bill. ; _c25 cm. |
||
| 500 | _aIncludes Internet access. | ||
| 500 | _aActivations is required for online access. | ||
| 500 | _aIncludes appendix. | ||
| 500 | _aGlossary : p. 658- 665. | ||
| 500 | _aIndex : p. 666-671. | ||
| 504 | _aIncludes bibliographical references. | ||
| 650 | 7 |
_aInternational finance. _91619 _2BUEsh |
|
| 650 | 7 |
_aInternational business enterprises _xFinance _vProblems, exercises, etc. _933661 _2BUEsh |
|
| 650 | 7 |
_aForeign exchange _vProblems, exercises, etc. _933663 _2BUEsh |
|
| 651 | _2BUEsh | ||
| 653 |
_bBUSADM _cOctober2014 _cOctober2015 |
||
| 655 |
_vText book _933728 |
||
| 700 | 1 |
_936223 _aFox, Roland |
|
| 942 |
_2ddc _k658.1599 MAD |
||
| 999 |
_c18457 _d18429 |
||